<?xml version="1.0" encoding="UTF-8"?>
<collection xmlns="http://www.loc.gov/MARC21/slim">
 <record>
  <leader>01245pam a22002418a 4500</leader>
  <controlfield tag="001">00017491</controlfield>
  <controlfield tag="005">20171026081022.0</controlfield>
  <controlfield tag="008">110420s1992                  ||||||Viesd</controlfield>
  <datafield tag="041" ind1="0" ind2="#">
   <subfield code="a">Vie</subfield>
  </datafield>
  <datafield tag="082" ind1="1" ind2="4">
   <subfield code="a">809</subfield>
   <subfield code="b">TR527K</subfield>
  </datafield>
  <datafield tag="100" ind1="0" ind2="#">
   <subfield code="a">Lê Đình Kỵ</subfield>
  </datafield>
  <datafield tag="245" ind1="0" ind2="0">
   <subfield code="a">Truyện Kiều và chủ nghĩa hiện thực</subfield>
   <subfield code="c">Lê Đình Kỵ</subfield>
  </datafield>
  <datafield tag="260" ind1="#" ind2="#">
   <subfield code="a">Tp.HCM</subfield>
   <subfield code="b">Hội nhà văn Tp HCM</subfield>
   <subfield code="c">1992</subfield>
  </datafield>
  <datafield tag="300" ind1="#" ind2="#">
   <subfield code="a">354 tr.</subfield>
   <subfield code="c">19 cm.</subfield>
  </datafield>
  <datafield tag="650" ind1="#" ind2="4">
   <subfield code="a">Chủ nghĩa hiện thực</subfield>
  </datafield>
  <datafield tag="650" ind1="#" ind2="4">
   <subfield code="a">Truyện Kiều</subfield>
  </datafield>
  <datafield tag="653" ind1="#" ind2="#">
   <subfield code="a">Việt Nam</subfield>
  </datafield>
  <datafield tag="653" ind1="#" ind2="#">
   <subfield code="a">Văn học hiện đại</subfield>
  </datafield>
  <datafield tag="852" ind1="#" ind2="#">
   <subfield code="b">Kho mượn</subfield>
   <subfield code="j">KM.0004499, KM.0004004, KM.0004005, KM.0004050, KM.0004051, KM.0004052, KM.0004053, KM.0004054, KM.0004055, KM.0004056, KM.0004057, KM.0004058, KM.0004042, KM.0004043, KM.0004044, KM.0004045, KM.0004046, KM.0004047, KM.0004048, KM.0004049, KM.0004050, KM.0005842, KM.0006206, KM.0006205</subfield>
  </datafield>
  <datafield tag="852" ind1="#" ind2="#">
   <subfield code="b">Kho đọc</subfield>
   <subfield code="j">KD.0002896</subfield>
  </datafield>
  <datafield tag="852" ind1="#" ind2="#">
   <subfield code="j">KM.0004004</subfield>
   <subfield code="j">KM.0004044</subfield>
   <subfield code="j">KM.0004042</subfield>
   <subfield code="j">KM.0004045</subfield>
   <subfield code="j">KM.0004047</subfield>
   <subfield code="j">KM.0004048</subfield>
   <subfield code="j">KM.0004050</subfield>
   <subfield code="j">KM.0005842</subfield>
   <subfield code="j">KM.0006206</subfield>
   <subfield code="j">KM.0006205</subfield>
   <subfield code="j">KD.0002896</subfield>
   <subfield code="j">KM.0004005</subfield>
   <subfield code="j">KM.0004043</subfield>
   <subfield code="j">KM.0004046</subfield>
   <subfield code="j">KM.0004049</subfield>
   <subfield code="j">KM.0004499</subfield>
  </datafield>
  <datafield tag="910" ind1=" " ind2=" ">
   <subfield code="d">20/04/2011</subfield>
  </datafield>
  <datafield tag="980" ind1="#" ind2="#">
   <subfield code="a">Trung tâm Học liệu Lê Vũ Hùng, Trường Đại học Đồng Tháp</subfield>
  </datafield>
 </record>
</collection>
